[Event "POL-chT 2nd League"]
[Site "Jastrzebia Gora"]
[Date "2023.09.10"]
[Round "9.63"]
[White "Celinski, Kamil"]
[Black "Grajczak, Adrian"]
[Result "0-1"]
[WhiteElo "1841"]
[BlackElo "1858"]
[PlyCount "128"]
[EventDate "2023.09.02"]
[EventType "team-swiss"]
[EventRounds "9"]
[EventCountry "POL"]
[SourceTitle "EXT 2024"]
[Source "ChessBase"]
[SourceDate "2023.10.10"]
[SourceVersion "1"]
[SourceVersionDate "2023.10.10"]
[SourceQuality "1"]
[WhiteTeam "Warszawa Zugzwang"]
[BlackTeam "Lipusz WDA"]
[WhiteTeamCountry "POL"]
[BlackTeamCountry "POL"]

1. e4 c5 2. Nf3 d6 3. d4 cxd4 4. Nxd4 Nf6 5. Nc3 g6 6. Be3 Bg7 7. f3 0-0 8. Qd2 Nc6 9. Bc4 Nxd4 10. Bxd4 Be6 11. Bb3 Qa5 12. 0-0 Rac8 13. Rad1 Bxb3 14. axb3 a6 15. Nd5 Qd8 16. Bxf6 Bxf6 17. Nxf6+ exf6 18. c3 Qb6+ 19. Qf2 Qxb3 20. Rxd6 Rc6 21. Rfd1 Rfc8 22. h4 h5 23. f4 Rxd6 24. Rxd6 Rc6 25. Rd8+ Kg7 26. Kh1 Qa2 27. Rd4 Rxc3 28. f5 Qb1+ 29. Kh2 Rc2 30. Qg3 Qxb2 31. Rd7 Qe5 32. Rxb7 Rc1 33. Qxe5 fxe5 34. Rb6 gxf5 35. exf5 Rf1 36. Rxa6 Rxf5 37. Ra5 f6 38. Kg3 Rf1 39. Ra7+ Kg6 40. Re7 Rf4 41. Re8 Kf7 42. Rh8 Rf5 43. Ra8 Rf1 44. Ra7+ Ke6 45. Ra6+ Kf5 46. Ra5 Rd1 47. Kf3 Rd3+ 48. Kf2 Kg4 49. Ra6 f5 50. Re6 e4 51. Re5 Rd2+ 52. Kf1 Rd4 53. Kf2 f4 54. Rg5+ Kxh4 55. Rg8 Rd2+ 56. Kf1 Rd5 57. Ke2 Rg5 58. Re8 Rxg2+ 59. Kf1 Ra2 60. Rxe4 Kg3 61. Re8 Ra1+ 62. Ke2 f3+ 63. Kd2 f2 64. Rg8+ Kh4 0-1

[Event "Warsaw Najdorf Memorial op-B"]
[Site "Warsaw"]
[Date "2023.07.16"]
[Round "6"]
[White "Mironowicz, Karol"]
[Black "Grajczak, Adrian"]
[Result "1/2-1/2"]
[WhiteElo "1714"]
[BlackElo "1880"]
[PlyCount "78"]
[EventDate "2023.07.11"]
[EventType "swiss"]
[EventRounds "9"]
[EventCountry "POL"]
[SourceTitle "EXT 2024"]
[Source "ChessBase"]
[SourceDate "2023.10.10"]
[SourceVersion "1"]
[SourceVersionDate "2023.10.10"]
[SourceQuality "1"]

1. e4 c5 2. Nf3 d6 3. d4 cxd4 4. Nxd4 Nf6 5. Nc3 g6 6. Be3 Bg7 7. f3 0-0 8. Qd2 Nc6 9. Bc4 Nxd4 10. Bxd4 Be6 11. Nd5 Bxd5 12. exd5 Qc7 13. Bb3 Nd7 14. Bxg7 Kxg7 15. Qd4+ Kg8 16. c3 Nc5 17. h4 Nxb3 18. axb3 Qb6 19. Qxb6 axb6 20. Kd2 Kg7 21. Kd3 Ra6 22. Ra3 Rxa3 23. bxa3 b5 24. Re1 Kf6 25. g4 e5 26. Re4 Ra8 27. Rb4 Ra5 28. Ke4 h6 29. f4 exf4 30. Kxf4 g5+ 31. hxg5+ hxg5+ 32. Ke4 Kg6 33. a4 bxa4 34. bxa4 Rc5 35. c4 Rc7 36. a5 Re7+ 37. Kd4 f5 38. gxf5+ Kxf5 39. Rb6 Rd7 1/2-1/2

[Event "POL-chT 2nd League"]
[Site "Jastrzebia Gora"]
[Date "2022.09.10"]
[Round "8.70"]
[White "Grajczak, Adrian"]
[Black "Hemmerling, Jaroslaw"]
[Result "1/2-1/2"]
[WhiteElo "1831"]
[BlackElo "1855"]
[PlyCount "61"]
[EventDate "2022.09.03"]
[EventType "team-swiss"]
[EventRounds "9"]
[EventCountry "POL"]
[SourceTitle "CBM 210 Extra"]
[Source "ChessBase"]
[SourceDate "2022.11.30"]
[SourceVersion "1"]
[SourceVersionDate "2022.11.30"]
[SourceQuality "1"]
[WhiteTeam "Lipusz WDA"]
[BlackTeam "Lipno Steszew"]
[WhiteTeamCountry "POL"]
[BlackTeamCountry "POL"]

1. e4 e5 2. Nf3 Nf6 3. Nc3 Nc6 4. d4 exd4 5. Nxd4 Bb4 6. Nxc6 bxc6 7. Bd3 d5 8. exd5 0-0 9. 0-0 Bg4 10. Ne2 cxd5 11. c3 Bd6 12. f3 Bd7 13. Bg5 c6 14. Qd2 Be7 15. Ng3 Ne8 16. Bxe7 Qxe7 17. Rad1 Qf6 18. Qe3 Nd6 19. Nh5 Qh4 20. Qe5 Ne8 21. g3 Qd8 22. c4 Be6 23. Nf4 Nc7 24. Qh5 g6 25. Qe5 Re8 26. Qc3 d4 27. Qa5 Qd6 28. Qg5 Qd8 29. Qh6 Qf6 30. Nh5 Qh8 31. Qg5 1/2-1/2

[Event "Wroclaw op-A"]
[Site "Wroclaw"]
[Date "2022.08.05"]
[Round "7"]
[White "Smietanska, Wiktoria"]
[Black "Grajczak, Adrian"]
[Result "1-0"]
[WhiteElo "1919"]
[BlackElo "1884"]
[PlyCount "133"]
[EventDate "2022.07.31"]
[EventType "swiss"]
[EventRounds "9"]
[EventCountry "POL"]
[SourceTitle "CBM 209 Extra"]
[Source "ChessBase"]
[SourceDate "2022.09.30"]
[SourceVersion "1"]
[SourceVersionDate "2022.09.30"]
[SourceQuality "1"]

1. d4 d6 2. e4 Nf6 3. Nc3 e5 4. Nf3 Nbd7 5. Bc4 Be7 6. 0-0 0-0 7. a4 a5 8. Re1 c6 9. h3 Nb6 10. Bf1 Nfd7 11. Be3 exd4 12. Nxd4 Nc5 13. Qd2 Be6 14. b3 d5 15. exd5 Bxd5 16. Nf5 Re8 17. Nxe7+ Qxe7 18. Qd4 Ncd7 19. Nxd5 Nxd5 20. Bd2 Qf8 21. Rxe8 Qxe8 22. Re1 Qf8 23. Bc4 N7f6 24. Bxd5 Nxd5 25. c4 Nb4 26. Qb6 Nd3 27. Re3 Nc5 28. Bxa5 Ra6 29. Qd8 Ne6 30. Qxf8+ Kxf8 31. Bc3 c5 32. g3 g6 33. Rd3 Ke7 34. Kf1 h5 35. h4 f6 36. Rf3 Nf8 37. Ke2 Nd7 38. Re3+ Kf7 39. Rd3 Ke7 40. Kd2 Ke6 41. Kc2 Ke7 42. a5 Ke6 43. Re3+ Kf5 44. Rd3 Ke6 45. f3 b6 46. axb6 Rxb6 47. Rd1 Rb8 48. Ra1 Rb6 49. Ra8 Nb8 50. Ra7 Nc6 51. Rc7 Ra6 52. Kb2 Rb6 53. Rc8 Kf7 54. g4 Kg7 55. g5 Nd4 56. Bxd4 cxd4 57. Rd8 fxg5 58. hxg5 Kf7 59. Rxd4 Ke6 60. c5 Rb8 61. b4 Kf5 62. c6 Kxg5 63. c7 Rc8 64. Rd7 h4 65. b5 h3 66. b6 Rh8 67. Rd8 1-0

[Event "Wroclaw op-A"]
[Site "Wroclaw"]
[Date "2022.07.31"]
[Round "1"]
[White "Grajczak, Adrian"]
[Black "Sbarra, Marco"]
[Result "0-1"]
[WhiteElo "1884"]
[BlackElo "2213"]
[PlyCount "102"]
[EventDate "2022.07.31"]
[EventType "swiss"]
[EventRounds "9"]
[EventCountry "POL"]
[SourceTitle "CBM 209 Extra"]
[Source "ChessBase"]
[SourceDate "2022.09.30"]
[SourceVersion "1"]
[SourceVersionDate "2022.09.30"]
[SourceQuality "1"]

1. e4 c5 2. Nf3 Nc6 3. Bb5 e6 4. 0-0 Nge7 5. d4 cxd4 6. Nxd4 Nxd4 7. Qxd4 Nc6 8. Bxc6 bxc6 9. c4 Qb6 10. Qd3 d5 11. exd5 cxd5 12. cxd5 Ba6 13. Qf3 Bxf1 14. dxe6 0-0-0 15. Bf4 Bxg2 16. Kxg2 Qb7 17. Nd2 Qxf3+ 18. Nxf3 fxe6 19. Rc1+ Kb7 20. Rc7+ Kb6 21. Rc4 Bd6 22. Be3+ Kb7 23. Ra4 Ra8 24. Ng5 Rhe8 25. Ne4 Bf8 26. Kf3 h6 27. Kf4 Rec8 28. h4 Rc6 29. Rd4 a5 30. Nc3 Be7 31. Re4 Bxh4 32. Kg4 Bf6 33. Na4 Rac8 34. b3 Ka6 35. Kh5 Kb5 36. Kg4 Rd8 37. Kf3 Rd5 38. Rg4 Rc2 39. Nb6 Rf5+ 40. Kg3 Rxa2 41. Nc4 Kc6 42. Re4 Kd7 43. Nb6+ Ke7 44. Rc4 Kf7 45. Rc7+ Kg6 46. Rc6 Rb5 47. Rxe6 Rxb3 48. Nd5 Kf7 49. Re4 Bg5 50. f4 Bd8 51. Kg4 Rd3 0-1

[Event "POL-chT3 Pomorskie"]
[Site "Poland"]
[Date "2013.06.09"]
[Round "9.9"]
[White "Ulanowski, Karol"]
[Black "Grajczak, Adrian"]
[Result "1-0"]
[WhiteElo "2084"]
[BlackElo "1975"]
[PlyCount "61"]
[EventDate "2013.01.13"]
[EventType "team-tourn"]
[EventRounds "9"]
[EventCountry "POL"]
[SourceTitle "EXT 2019"]
[Source "ChessBase"]
[SourceDate "2018.10.10"]
[SourceVersion "1"]
[SourceVersionDate "2018.10.10"]
[SourceQuality "1"]
[WhiteTeam "Tzcew Skoczek"]
[BlackTeam "Lipusz WDA"]
[WhiteTeamCountry "POL"]
[BlackTeamCountry "POL"]

1. e4 c5 2. Nf3 d6 3. d4 cxd4 4. Nxd4 Nf6 5. Nc3 a6 6. Bg5 e6 7. Qf3 Be7 8. 0-0-0 Qc7 9. g4 Nc6 10. Nxc6 bxc6 11. Kb1 Rb8 12. h4 Qb6 13. Bc1 0-0 14. Rg1 Nd7 15. g5 Nc5 16. h5 f5 17. exf5 Rxf5 18. Qe3 Re5 19. Qf4 Rf5 20. Qd2 Nb7 21. Bh3 Rxf2 22. Qe1 Rf7 23. Bxe6 Bxe6 24. Qxe6 Nc5 25. Qe2 Bf8 26. g6 Rf4 27. gxh7+ Kxh7 28. h6 Rb4 29. b3 Rh4 30. hxg7 Bxg7 31. Rxg7+ 1-0

[Event "POL-chT3 Pomorskie"]
[Site "Poland"]
[Date "2013.02.03"]
[Round "3.5"]
[White "Grajczak, Adrian"]
[Black "Zielinski, Wojciech"]
[Result "1/2-1/2"]
[WhiteElo "1975"]
[BlackElo "2145"]
[PlyCount "94"]
[EventDate "2013.01.13"]
[EventType "team-tourn"]
[EventRounds "9"]
[EventCountry "POL"]
[SourceTitle "EXT 2019"]
[Source "ChessBase"]
[SourceDate "2018.10.10"]
[SourceVersion "1"]
[SourceVersionDate "2018.10.10"]
[SourceQuality "1"]
[WhiteTeam "Lipusz WDA"]
[BlackTeam "Kolbudy UKS Zawisza"]
[WhiteTeamCountry "POL"]
[BlackTeamCountry "POL"]

1. d4 e6 2. Nf3 Nf6 3. c4 d5 4. g3 Be7 5. Bg2 0-0 6. 0-0 Re8 7. Nbd2 c5 8. b3 cxd4 9. Nxd4 Qb6 10. e3 Nc6 11. Bb2 Bd7 12. cxd5 exd5 13. N2f3 Rac8 14. Nxc6 bxc6 15. Ne5 Bf5 16. g4 Be4 17. g5 Bxg2 18. gxf6 Bxf1 19. Qg4 Bxf6 20. Nd7 Bxb2 21. Nxb6 axb6 22. Rxf1 c5 23. Qe2 Bf6 24. Qb5 Re6 25. Rd1 d4 26. exd4 cxd4 27. a4 Rc5 28. Qd7 g6 29. Rd3 h5 30. Rf3 Rcc6 31. Rd3 Red6 32. Qe8+ Kg7 33. Qb8 h4 34. h3 Rd8 35. Qb7 Rc3 36. Qf3 Rdc8 37. Kg2 R8c5 38. Qe4 Re5 39. Qf3 Re1 40. Rxc3 dxc3 41. Qd3 Re7 42. b4 Rc7 43. Qc2 Rc4 44. Qb3 Rc7 45. Qc2 Rd7 46. a5 bxa5 47. bxa5 Rb7 1/2-1/2

[Event "POL-chT3 1112"]
[Site "Poland"]
[Date "2011.12.11"]
[Round "3.8"]
[White "Grajczak, Adrian"]
[Black "Lewandowski, Krzysztof"]
[Result "1-0"]
[WhiteElo "1969"]
[BlackElo "2161"]
[PlyCount "59"]
[EventDate "2011.11.06"]
[EventType "team-tourn"]
[EventRounds "11"]
[EventCountry "POL"]
[SourceTitle "EXT 2015"]
[Source "ChessBase"]
[SourceDate "2014.11.20"]
[SourceVersion "1"]
[SourceVersionDate "2014.11.20"]
[SourceQuality "1"]
[WhiteTeam "Chojnice UKS Osemka"]
[BlackTeam "Bydgoszcz SSz Pocztowiec"]
[WhiteTeamCountry "POL"]
[BlackTeamCountry "POL"]

1. e4 Nf6 2. e5 Nd5 3. d4 d6 4. exd6 cxd6 5. c4 Nb6 6. Nc3 g6 7. Be3 Bg7 8. Rc1 0-0 9. Be2 Bf5 10. d5 e5 11. dxe6 Bxe6 12. b3 Nc6 13. Nf3 d5 14. Bxb6 axb6 15. cxd5 Bxc3+ 16. Rxc3 Bxd5 17. Rd3 Nb4 18. Rd4 Qe7 19. 0-0 Rxa2 20. Bc4 Bxc4 21. bxc4 Rfa8 22. Rd7 Qc5 23. Rxb7 Qxc4 24. Ne5 Qd5 25. Rxb6 Rd2 26. Qf3 Raa2 27. Qf6 Na6 28. Rc6 Rac2 29. Rxa6 Rc8 30. Nc6 1-0